000 00530nam a22001817a 4500
003 UA-OsUOA
001 18872
007 ta
008 20040616b un ||||| |||| 00| 0 ukr d
100 _aКатрук І.
942 _cSA
040 _aUA-OsUOA
_cUA-OsUOA
_dUA-OsUOA
245 _aОрися
_b[Поліська легенда]
300 _aС.3
955 _a0
773 0 _w0
_tВолодимирецький вісник
_dВолодимирець
_d2004
_g№39/12 трав./
650 7 _aКраєзнавча робота
_2UDC
999 _c305043
_d305043